000 00569nam a2200169 i 4500
001 bg
100 1 _aBIAŁKIEWICZ, Jerzy
245 0 _aReologia tarcz i płyt kołowo symetrycznych w konstrukcjach inżynierskich /
_cJ. Białkiewicz.
260 _aKraków,
_c1986.
490 1 _aMonografia / Politechnika Krakowska im. Tadeusza Kościuszki,
_x0860-097X ;
_v40
830 0 _aMonografia (Politechnika Krakowska im. Tadeusza Kościuszki) ;
_v40
040 _cBPK
041 _apol
080 _a624:539.3/.6
942 _cKS
008 s pl f |000 0 pol
999 _c23311
_d23311
856 _uhttp://koha.tu.koszalin.pl/cgi-bin/koha/opac-detail.pl?biblionumber=23311
_yKatalog online BPK